SAT Words HARD Click Quiz - S #9 - Daily Word Quiz! - Statistics

General Stats
  • This quiz has been taken 165 times
  • The average score is 10 of 16
Answer Stats
Hint Answer % Correct
Higher in rank or authority Superordinate
92%
Slender and gracefully elegant in figure; lithe Svelte
87%
Very small or miniscule quantity or portion Smidgen
86%
Predict the future; prophecize Soothsay
84%
Female demon that seduces men to harm them Succubus
82%
Inappropriate suggestiveness; the quality of lewdness Salacity
76%
Delight or pleasure derived from the pain and hardships of others Schadenfreude
73%
Rhythmic contraction, especially the rhythmic contraction of the heart Systole
71%
A person who is spirited, assertive, and often impulsive Spitfire
70%
A person who engages in unethical or unscrupulous legal practices Shyster
67%
Upright post or support Stanchion
65%
Rumour-spreading gossip; or, a cask on a ship with enough fresh water for a day Scuttlebutt
63%
Brief statement conveying a general wisdom; aphorism Sententia
45%
Radical, working-class, political extremist Sansculotte
36%
Foundational structure that supports columns or pillars Stylobate
28%
Moving in a direction opposite the natural grain or pattern; against the grain, especially in woodcarving Stoss
24%
No matching quizzes found
Score Distribution
Percent of People with Each Score
Percentile by Number Answered
Your Score History
You have not taken this quiz